|
|
|
|
| LEADER |
01567nam a2200421 a 4500 |
| 001 |
nkc20122341202 |
| 003 |
CZ PrNK |
| 005 |
20120517090916.0 |
| 007 |
ta |
| 008 |
120206s2011 xr e p 000 0 cze |
| 015 |
|
|
|a cnb002341202
|
| 020 |
|
|
|a 978-80-7464-062-9
|q (brož.)
|
| 035 |
|
|
|a (OCoLC)796016717
|
| 040 |
|
|
|a BOA001
|b cze
|d OLA001
|d ABA001
|
| 072 |
|
7 |
|a 329
|x Politické strany a hnutí
|2 Konspekt
|9 15
|
| 072 |
|
7 |
|a 37.016
|x Učební osnovy. Vyučovací předměty. Učebnice
|2 Konspekt
|9 22
|
| 080 |
|
|
|a 329.055
|2 MRF
|
| 080 |
|
|
|a 323.28
|2 MRF
|
| 080 |
|
|
|a (075.8)
|2 MRF
|
| 100 |
1 |
|
|a Kopeček, Pavel,
|d 1971-
|7 mzk2004258515
|4 aut
|
| 245 |
1 |
0 |
|a Problematika politického extremismu ve výchově k občanství /
|c Pavel Kopeček
|
| 250 |
|
|
|a Vyd. 1.
|
| 260 |
|
|
|a Ostrava :
|b Ostravská univerzita v Ostravě,
|c 2011
|
| 300 |
|
|
|a 73 s. ;
|c 30 cm
|
| 500 |
|
|
|a Na obálce nad názvem: Ostravská univerzita v Ostravě, Pedagogická fakulta, katedra společenských věd
|
| 504 |
|
|
|a Obsahuje bibliografie
|
| 650 |
0 |
7 |
|a extremismus
|7 ph115793
|2 czenas
|
| 650 |
0 |
7 |
|a terorismus
|7 ph116439
|2 czenas
|
| 650 |
0 |
9 |
|a extremism
|2 eczenas
|
| 650 |
0 |
9 |
|a terrorism
|2 eczenas
|
| 655 |
|
7 |
|a učebnice vysokých škol
|7 fd133772
|2 czenas
|
| 655 |
|
9 |
|a textbooks (higher)
|2 eczenas
|
| 710 |
2 |
|
|a Ostravská univerzita.
|b Katedra společenských věd
|7 mzk2004240530
|
| 910 |
2 |
|
|a BOA001
|b 4-1283.808
|
| 990 |
|
|
|a BK
|
| 995 |
|
|
|a 01
|
| 991 |
|
|
|b 201205
|c NOV
|e n
|
| 996 |
6 |
|
|b 2610508421
|c 4-1283.808
|l MZK
|r Sklad / do 1 hodiny
|n 6
|p p.v.
|w 001239546
|u 000010
|a 1
|e BOA001
|j MZK50
|s P
|